000 01352cam a22003617a 4500
003 CHAP
005 20220329134459.0
008 971013s1982 r 00010 d
010 _a21015
011 _a21987
035 _a26079
040 _cCHAP
090 _aFolleto 9004
100 0 0 _aArteaga, Javier.
_97735
245 1 3 _aLa naturaleza de la política estatal en situaciones de capitalismo periférico
260 _aMéxico, D.F. :
_bCentro de Investigación y Docencia Económicas,
_c1982
300 _a61 p
490 0 _aAvances de investigación
_v; 1 : Serie Administración Pública
590 _aBATCH-UPD
_b10
_c20130110
_lUCH01
_h1807
590 _aBATCH-UPD
_b10
_c20130410
_lUCH01
_h1143
590 _aBATCH-UPD
_b10
_c20130914
_lUCH01
_h0431
590 _aBATCH-UPD
_b10
_c20161124
_lUCH01
_h1708
590 _aCONVERSION
_b10
_c20130109
_lUCH01
_h1312
650 1 4 _aCapitalismo.
_918711
650 1 4 _aEstado, El.
_938240
651 4 _aMéxico
_xPolítica y gobierno.
_976783
830 0 _aAvances de investigación
_v; 1 : Serie Administración Pública
_98476
901 _aBK
942 _cFOLL
949 _aFolleto 9004
_bBC
_cFOLL
_d-60253
_eTS1
_gI.c/e
_i26079
_si
_t225.00
949 _aFolleto 9004
_bBC
_cFOLL
_d-60254
_eTS2
_fc.2
_gI.c/e
_i26079
_si
_t225.00
949 _aFolleto 9004
_bBC
_cFOLL
_d-60255
_eTS2
_fc.3
_gI.c/e
_i26079
_si
_t225.00
999 _c21015
_d21015